000 00589nam a2200169 i 4500
001 52051
003 ES-MaACL
007 t|
008 030825s1908 po ||||1| por d
100 1 _aChoffat, Paul.
_938589
245 1 0 _aEssai sur la tectonique de la chaîne de l'Arrabida /
_cpar Paul Choffat.
260 _aLisbonne :
_b[s.n.],
_c1908 (
_fImp. Nationale)
300 _a89 p., 1 h. pleg., 10 lám. ;
_c33 cm.
500 _aPrecede al tít: Commision du Service Géologique du Portugal.
710 2 _aCommission du Service Géologique du Portugal.
_93102
852 _aES-MaACL
_jG-6157
999 _c52051
_d52051